Mejar Dato Haji Mohd. Said Haji Sulaiman dalam kenangan
| Main Author: | |
|---|---|
| Format: | Book |
| Published: |
Kuala Lumpur :
Perpustakaan University Malaya ,
1984
|
| Subjects: |
MARC
| LEADER | 00000cam a2200000 7i4500 | ||
|---|---|---|---|
| 001 | 0000004000 | ||
| 002 | 000004306 | ||
| 005 | 20000330.0 | ||
| 020 | |a T000000332 | ||
| 090 | 0 | 0 | |a 920 |b KAM |
| 100 | 0 | |a Kamariah Abdul Kadir | |
| 245 | 1 | 0 | |a Mejar Dato Haji Mohd. Said Haji Sulaiman dalam kenangan |c Kamariah Abdul Kadir |
| 260 | |a Kuala Lumpur : |b Perpustakaan University Malaya , |c 1984 | ||
| 300 | |a 40p. ; |c 25cm. | ||
| 600 | 0 | 0 | |a Mohd. Said Haji Sulaiman |
| 999 | |a 037226 |b BUKU |c MALAYSIANA |e PERPUSTAKAAN KOMUNITI PETALING JAYA | ||